| 000 | 00921nam a2200265 i 4500 | ||
|---|---|---|---|
| 001 | 187549 | ||
| 003 | ES-MaACL | ||
| 005 | 20250823104627.0 | ||
| 008 | 171122s2016 sp a |||| | spa d | ||
| 020 | _a978-84-16958-10-8 | ||
| 080 | _a78 (091) | ||
| 100 | 1 |
_aMenalva Cogollu, José. _9163826 |
|
| 245 | 1 | 3 |
_aEl universo del canto _b: libro, CD completo y DVD (incluye 18 videoclips) / _cJosé Menalva Cogollu. |
| 250 | _a1ª ed. | ||
| 260 |
_a[Madrid] : _bLetras de Autor, _c2016. |
||
| 300 |
_a598 p. ; _c24 cm + _e1 CD-Audio, 1 DVD-Vídeo. |
||
| 504 | _aBibliografía: p. 571-573. | ||
| 650 | 7 |
_aMúsica vocal _2 _9136574 |
|
| 650 | 4 |
_aCanto. _9135725 |
|
| 852 |
_aES-MaACL _jA-14038 _9194634 _bR.152069 _cDEPO1 _dOlim: N-7038 |
||
| 852 |
_aES-MaACL _jROT 6/2/13 |
||
| 852 |
_aES-MaACL _jROT 6/2/14 |
||
| 942 |
_2udc _cMONOGRAFIA |
||
| 999 |
_c187549 _d187549 |
||